书目信息 |
| 题名: |
心理学与口才技巧
|
|
| 作者: | 连山 编著 | |
| 分册: | ||
| 出版信息: | 北京 中国华侨出版社 2017.12 |
|
| 页数: | 304页 | |
| 开本: | 24cm | |
| 丛书名: | ||
| 单 册: | ||
| 中图分类: | C912.1-49 | |
| 科图分类: | ||
| 主题词: | 心理交往--口才学--通俗读物 | |
| 电子资源: | ||
| ISBN: | 978-7-5113-7264-2 | |
| 000 | 00805nam0 2200217 450 | |
| 001 | 4407 | |
| 005 | 20180613154051.27 | |
| 010 | @a978-7-5113-7264-2@dCNY55.00 | |
| 100 | @a20171218d2017 em y0chiy0110 ea | |
| 101 | 0 | @achi |
| 102 | @aCN@b110000 | |
| 105 | @ay z 000yy | |
| 200 | 1 | @a心理学与口才技巧@9xin li xue yu kou cai ji qiao@f连山编著 |
| 210 | @a北京@c中国华侨出版社@d2017.12 | |
| 215 | @a304页@d24cm | |
| 330 | @a本书全面系统地揭示心理学在口才技巧中的运用,指导读者把握好沉默的分寸,把握好说话时机、说话曲直、说话轻重和与别人开玩笑的分寸,把握好调解纠纷时和激励他人时的说话分寸,懂得怎样问别人才会说,怎样说别人才会听。 | |
| 606 | 0 | @a心理交往@x口才学@x通俗读物 |
| 690 | @aC912.1-49@v5 | |
| 701 | 0 | @a连山@9lian shan@4编著 |
| 801 | 0 | @aCN@b91CIP@c20171218 |
| 905 | @aMuseLib@dC912.1-49@e1344 | |
| 心理学与口才技巧/连山编著.-北京:中国华侨出版社,2017.12 |
| 304页;24cm |
| ISBN 978-7-5113-7264-2:CNY55.00 |
| 本书全面系统地揭示心理学在口才技巧中的运用,指导读者把握好沉默的分寸,把握好说话时机、说话曲直、说话轻重和与别人开玩笑的分寸,把握好调解纠纷时和激励他人时的说话分寸,懂得怎样问别人才会说,怎样说别人才会听。 |
| ● |
| 相关链接 |
|
|
|
|
正题名:心理学与口才技巧
索取号:C912.1-49/1344
 
预约/预借
| 序号 | 登录号 | 条形码 | 馆藏地/架位号 | 状态 | 备注 |
| 1 | 1117393 | 211173932 | 第一样本阅览室/ [索取号:C912.1-49/1344] | 在馆 | |
| 2 | 1117394 | 211173941 | 教育系资料室/ [索取号:C912.1-49/1344] | 在馆 | |
| 3 | 1117395 | 211173950 | 教育系资料室/ [索取号:C912.1-49/1344] | 在馆 | |
| 4 | 1117396 | 211173969 | 教育系资料室/ [索取号:C912.1-49/1344] | 在馆 | |
| 5 | 1117397 | 211173978 | 第一借阅区/ [索取号:C912.1-49/1344] | 在馆 |